[Event "IV Festival Terre degli Elimi A"]
[Site "Erice ITA"]
[Date "2013.07.25"]
[Round "3"]
[White "Movileanu, Daniela"]
[Black "Amato, Andrea"]
[WhiteElo "2030"]
[BlackElo "2291"]
[Result "0-1"]
[PlyCount "104"]
[EventDate "2013.07.24"]

1. e4 Nf6 2. e5 Nd5 3. d4 d6 4. c4 Nb6 5. exd6 cxd6 6. Nc3 g6 7. Be3 Bg7 8. Nf3
O-O 9. Be2 Bf5 10. O-O Nc6 11. Rc1 d5 12. c5 Nc4 13. Nxd5 Nxe3 14. Nxe3 Nxd4
15. Nxd4 Qxd4 16. Nxf5 gxf5 17. Qxd4 Bxd4 18. b4 Rfd8 19. Bf3 Rab8 20. b5 e5
21. c6 bxc6 22. Bxc6 Kg7 23. g3 Rd6 24. a4 Bb6 25. Rfd1 Rbd8 26. Rxd6 Rxd6 27.
Rc2 Rd1+ 28. Kg2 Ra1 29. Bb7 Kg6 30. h3 Rxa4 31. g4 fxg4 32. hxg4 Kg5 33. f3
Kf4 34. Bc6 Ra1 35. Rc4+ Bd4 36. Bd5 Ra2+ 37. Kf1 Rf2+ 38. Ke1 Ke3 39. Rc7 Rb2
40. Be4 f6 41. Rb7 Ra2 42. Kd1 Rd2+ 43. Kc1 Rh2 44. Rf7 h5 45. gxh5 Rxh5 46.
Rxf6 Rh1+ 47. Kc2 Rh2+ 48. Kb3 Rh1 49. Rf7 Rc1 50. Bb7 Rc3+ 51. Kb4 Kd2 52. f4
Bc5+ 0-1

[Event "IV Festival Terre degli Elimi A"]
[Site "Erice ITA"]
[Date "2013.07.25"]
[Round "3"]
[White "Novak, Ksenija"]
[Black "Piazza, Dario"]
[WhiteElo "2099"]
[BlackElo "1881"]
[Result "1/2-1/2"]
[PlyCount "66"]
[EventDate "2013.07.24"]

1. Nf3 d5 2. c4 e6 3. g3 Nf6 4. Bg2 c5 5. O-O Nc6 6. b3 Be7 7. Bb2 d4 8. d3 Qc7
9. e3 e5 10. exd4 exd4 11. Bc1 Bf5 12. Bf4 Qd7 13. Re1 O-O-O 14. Ng5 Rdf8 15.
a3 Bd6 16. Bxd6 Qxd6 17. Ne4 Bxe4 18. dxe4 g5 19. b4 Nd7 20. Nc3 h5 21. Nd5 h4
22. Rb1 hxg3 23. hxg3 Rh7 24. bxc5 Qxc5 25. Qb3 b6 26. Qa4 Kb7 27. e5 Rc8 28.
e6 fxe6 29. Rxe6 Rf7 30. Nb4 Ndb8 31. Rbe1 a5 32. R1e5 Qxc4 33. Re7+ Rc7
1/2-1/2

[Event "IV Festival Terre degli Elimi A"]
[Site "Erice ITA"]
[Date "2013.07.25"]
[Round "3"]
[White "Parrinello, Marco"]
[Black "Spinella, Andrea"]
[WhiteElo "1569"]
[BlackElo "1808"]
[Result "0-1"]
[PlyCount "38"]
[EventDate "2013.07.24"]

1. e4 c5 2. Nf3 Nc6 3. d4 cxd4 4. Nxd4 e5 5. Nxc6 bxc6 6. Nc3 Bc5 7. Bc4 h6 8.
O-O Nf6 9. Re1 O-O 10. Be3 Bb4 11. Qd3 d5 12. exd5 cxd5 13. Rad1 Bg4 14. f3 d4
15. fxg4 dxe3 16. Qxe3 Qc8 17. Bxf7+ Rxf7 18. Qxe5 Nxg4 19. Qg3 Bc5+ 0-1

[Event "IV Festival Terre degli Elimi A"]
[Site "Erice ITA"]
[Date "2013.07.25"]
[Round "3"]
[White "Przezdziecka, Marta"]
[Black "Masternak, Grzegorz"]
[WhiteElo "2297"]
[BlackElo "2339"]
[Result "1-0"]
[PlyCount "57"]
[EventDate "2013.07.24"]

1. d4 d5 2. Nf3 Nf6 3. c4 e6 4. Nc3 Nbd7 5. Qc2 c6 6. e3 Be7 7. b3 O-O 8. Bb2
a6 9. Bd3 Bd6 10. O-O e5 11. cxd5 cxd5 12. e4 exd4 13. Nxd5 Nxd5 14. exd5 Nf6
15. Bxd4 g6 16. Qd2 Re8 17. Rad1 Bf8 18. a4 Bg7 19. h3 Qxd5 20. Bc4 Qf5 21. Ng5
Ne4 22. Nxe4 Qxe4 23. Bxg7 Kxg7 24. Rfe1 Qc6 25. Rxe8 Qxe8 26. Re1 Be6 27. Qd4+
Kg8 28. Qf6 Qd8 29. Rxe6 1-0

[Event "IV Festival Terre degli Elimi A"]
[Site "Erice ITA"]
[Date "2013.07.25"]
[Round "3"]
[White "Rigattieri, Uber"]
[Black "Corsino, Gianluca"]
[WhiteElo "1873"]
[BlackElo "2094"]
[Result "0-1"]
[PlyCount "76"]
[EventDate "2013.07.24"]

1. e4 c5 2. Nc3 e6 3. g3 d5 4. d3 dxe4 5. Nxe4 Bd7 6. Bg2 Bc6 7. f3 Nf6 8. Be3
Nd5 9. Bf2 Nd7 10. Ne2 e5 11. O-O Be7 12. N4c3 f5 13. Nxd5 Bxd5 14. Nc3 Bc6 15.
f4 Bxg2 16. Kxg2 O-O 17. Nd5 Nf6 18. Nxe7+ Qxe7 19. fxe5 Qxe5 20. Re1 Qd6 21.
Qf3 Ng4 22. Re2 Ne5 23. Qxb7 Rab8 24. Qxa7 Qd5+ 25. Kh3 g5 26. Rae1 Ng6 27. Re4
g4+ 28. Kg2 fxe4 29. dxe4 Qf7 30. Qxf7+ Rxf7 31. b3 Ra8 32. a4 c4 33. e5 cxb3
34. cxb3 Rf3 35. Re4 Rxb3 36. Rxg4 Ra3 37. e6 R3xa4 38. Rg5 R8a5 0-1

[Event "IV Festival Terre degli Elimi A"]
[Site "Erice ITA"]
[Date "2013.07.25"]
[Round "3"]
[White "Rudolf, Anna"]
[Black "Pesiri, Rossano"]
[WhiteElo "2301"]
[BlackElo "1952"]
[Result "1-0"]
[PlyCount "35"]
[EventDate "2013.07.24"]

1. e4 c5 2. Nf3 g6 3. d4 cxd4 4. Nxd4 Bg7 5. c4 Nc6 6. Be3 Nf6 7. Nc3 O-O 8.
Be2 b6 9. O-O Bb7 10. Rc1 Ne8 11. Qd2 Nxd4 12. Bxd4 d6 13. Rfd1 Nc7 14. Bxg7
Kxg7 15. Qd4+ Kg8 16. e5 Qd7 17. exd6 Rfd8 18. dxc7 1-0

[Event "IV Festival Terre degli Elimi A"]
[Site "Erice ITA"]
[Date "2013.07.25"]
[Round "3"]
[White "Russo, Carmelo"]
[Black "Licata, Silvio"]
[WhiteElo "1686"]
[BlackElo "1545"]
[Result "1-0"]
[PlyCount "133"]
[EventDate "2013.07.24"]

1. d4 Nf6 2. c4 g6 3. Nc3 Bg7 4. Bg5 d6 5. Qd2 Nbd7 6. Bh6 O-O 7. Nf3 b6 8.
Bxg7 Kxg7 9. e4 Bb7 10. d5 e6 11. Bd3 exd5 12. cxd5 Re8 13. O-O Ne5 14. Nxe5
Rxe5 15. f4 Re7 16. Rac1 a6 17. Qf2 Rc8 18. f5 Ng4 19. f6+ Nxf6 20. Qxf6+ Kg8
21. Ne2 Qf8 22. Nd4 Rd7 23. Nc6 Bxc6 24. Rxc6 a5 25. a4 Qh6 26. Qf4 Qg7 27. Qf6
Qh6 28. Rf4 Qh5 29. Rc1 Re8 30. Bb5 Ree7 31. Bxd7 Rxd7 32. Qc3 Qg5 33. Rcf1 Qd8
34. h4 Qe8 35. Qc6 Qd8 36. Rf6 Re7 37. Qc4 Qd7 38. R6f4 Qd8 39. Qe2 Qd7 40. b3
Qd8 41. Qf3 Qd7 42. Qg4 Qe8 43. Rf6 Rxe4 44. Qg3 Re3 45. R6f3 Re5 46. Rxf7 Rxd5
47. Rf8+ Qxf8 48. Rxf8+ Kxf8 49. Qf3+ Rf5 50. Qc3 Rf7 51. Qd4 Ke8 52. g3 Ke7
53. Kg2 Ke8 54. Qd5 Ke7 55. Qc4 Ke8 56. Qe6+ Kf8 57. g4 Kg7 58. Kg3 Rf6 59. Qe2
Rf7 60. Qe3 Kf8 61. Qe6 Kg7 62. g5 Kf8 63. Kg4 Kg7 64. h5 gxh5+ 65. Kxh5 Kf8
66. Kh6 Re7 67. Qxe7+ 1-0

[Event "IV Festival Terre degli Elimi A"]
[Site "Erice ITA"]
[Date "2013.07.25"]
[Round "3"]
[White "Savalla, Gianluca"]
[Black "Fontana, Giulio"]
[WhiteElo "1653"]
[BlackElo "1774"]
[Result "0-1"]
[PlyCount "134"]
[EventDate "2013.07.24"]

1. d4 e6 2. e4 d5 3. Nd2 Nf6 4. e5 Nfd7 5. Bd3 c5 6. c3 cxd4 7. cxd4 Nc6 8.
Ngf3 Be7 9. O-O O-O 10. Re1 f6 11. exf6 Nxf6 12. a3 a5 13. Nf1 Bd6 14. Bc2 Qe8
15. Qd3 h6 16. Ne5 Qh5 17. Ng3 Qh4 18. Ng6 Qxd4 19. Nxf8 Qxd3 20. Bxd3 Kxf8 21.
f4 Bd7 22. Nf1 Kf7 23. g3 Nd4 24. Kg2 Nb3 25. Rb1 Bc6 26. Nd2 Nc5 27. Bc2 Rc8
28. Nb3 b6 29. Nd4 Bb7 30. Bd2 Nce4 31. Bxe4 Nxe4 32. Be3 e5 33. fxe5 Bxe5 34.
Rf1+ Kg8 35. Rbc1 Re8 36. b4 axb4 37. axb4 Nf6 38. Bg1 Ba6 39. b5 Bc8 40. Nc6
Bc7 41. Nb4 Bd6 42. Nd3 Bg4 43. Rfe1 Rf8 44. Bxb6 Ne4 45. Rf1 Rb8 46. Rc6 Be2
47. Rfc1 Bxd3 48. Rc8+ Rxc8 49. Rxc8+ Kf7 50. Bc7 Bxb5 51. Bxd6 Nxd6 52. Rc1
Bc4 53. Kf3 Ke6 54. Re1+ Ne4 55. Kf4 g5+ 56. Kf3 h5 57. h3 Kf5 58. g4+ hxg4+
59. hxg4+ Ke5 60. Ke3 d4+ 61. Kf3 Bd3 62. Rc1 Nc3 63. Re1+ Be2+ 64. Kf2 d3 65.
Ke3 Nd1+ 66. Kd2 Kf4 67. Rg1 Nf2 0-1

[Event "IV Festival Terre degli Elimi A"]
[Site "Erice ITA"]
[Date "2013.07.25"]
[Round "3"]
[White "Stirpe, Claudio"]
[Black "Van Assendelft, Floris"]
[WhiteElo "2029"]
[BlackElo "2381"]
[Result "1/2-1/2"]
[PlyCount "113"]
[EventDate "2013.07.24"]

1. d4 Nf6 2. c4 c5 3. d5 b5 4. cxb5 a6 5. e3 Bb7 6. Nc3 e6 7. e4 axb5 8. Bxb5
Qa5 9. Qe2 Be7 10. Bd2 Qb6 11. Bc4 O-O 12. Nf3 exd5 13. exd5 Na6 14. Bf4 Rfe8
15. O-O Bd6 16. Be3 Bf4 17. Qd2 Bxe3 18. fxe3 Qd6 19. Rae1 Ne4 20. Nxe4 Rxe4
21. Bd3 Re7 22. e4 c4 23. Bxc4 Rae8 24. e5 Qc5+ 25. Qd4 Qxd4+ 26. Nxd4 Rxe5 27.
Rxe5 Rxe5 28. d6 Nc5 29. Bxf7+ Kh8 30. Bh5 g6 31. Bf3 Bxf3 32. Rxf3 Rd5 33. Nb5
Na4 34. Nc3 Nxc3 35. Rxc3 Kg7 36. Rc2 Rxd6 37. b4 Rd1+ 38. Kf2 Rb1 39. a3 Kf6
40. Re2 h5 41. h3 Kf5 42. Ra2 Ke4 43. Re2+ Kf5 44. Rd2 Rb3 45. Ra2 Ke4 46. Ke2
Kd4 47. Kd2 Rg3 48. Kc1 Kc4 49. h4 Kb3 50. Rd2 Kxa3 51. b5 Rb3 52. Rxd7 Rxb5
53. Rd6 g5 54. hxg5 Rxg5 55. Rd2 Kb3 56. Kd1 Kc3 57. Re2 1/2-1/2

[Event "IV Festival Terre degli Elimi A"]
[Site "Erice ITA"]
[Date "2013.07.25"]
[Round "3"]
[White "Tondo, Salvatore"]
[Black "Spinelli, Dario"]
[WhiteElo "1935"]
[BlackElo "1606"]
[Result "1-0"]
[PlyCount "71"]
[EventDate "2013.07.24"]

1. e4 e6 2. d4 d5 3. e5 c5 4. Nf3 Nc6 5. Bd3 Bd7 6. dxc5 Bxc5 7. c3 Qc7 8. Qe2
a6 9. Bf4 Nge7 10. Bg3 b5 11. Nbd2 Ng6 12. O-O Bb6 13. Rfe1 Na5 14. Nb3 Nxb3
15. axb3 Ne7 16. Nd4 Bxd4 17. cxd4 Qb6 18. Qg4 Ng6 19. Rad1 Rc8 20. h4 h5 21.
Qg5 Qd8 22. Qxd8+ Kxd8 23. b4 Ne7 24. Ra1 Rc6 25. f3 Kc8 26. Bxb5 axb5 27. Ra8+
Kb7 28. Rxh8 Nf5 29. Bf2 g6 30. g4 hxg4 31. fxg4 Ne7 32. Rf8 Rc7 33. Rxf7 Nc6
34. h5 gxh5 35. gxh5 Nxb4 36. h6 1-0

[Event "IV Festival Terre degli Elimi A"]
[Site "Erice ITA"]
[Date "2013.07.25"]
[Round "3"]
[White "Van Den Berg, Bram"]
[Black "Walkusz, Malgorzata"]
[WhiteElo "2231"]
[BlackElo "1924"]
[Result "1-0"]
[PlyCount "59"]
[EventDate "2013.07.24"]

1. d4 f5 2. c4 g6 3. Nc3 Bg7 4. h4 Nf6 5. h5 Nxh5 6. e4 e5 7. Rxh5 gxh5 8.
Qxh5+ Kf8 9. Nd5 d6 10. Bg5 Qe8 11. Be7+ Qxe7 12. Nxe7 Kxe7 13. dxe5 Bxe5 14.
O-O-O fxe4 15. Qh4+ Kf7 16. Qxe4 Nc6 17. f4 Bf6 18. c5 dxc5 19. Bc4+ Kg7 20.
Nf3 Bg4 21. f5 Bxf3 22. Rd7+ Kh6 23. Qxf3 Ne5 24. Qh3+ Kg5 25. Qg3+ Kh6 26. Rd1
Bg5+ 27. Kb1 Nxc4 28. Rh1+ Kg7 29. Qxg5+ Kf7 30. Qh6 {...} 1-0

[Event "IV Festival Terre degli Elimi A"]
[Site "Erice ITA"]
[Date "2013.07.25"]
[Round "3"]
[White "Van Dongen, Cor"]
[Black "Marzaduri, Riccardo"]
[WhiteElo "2357"]
[BlackElo "1931"]
[Result "1-0"]
[PlyCount "63"]
[EventDate "2013.07.24"]

1. Nf3 d5 2. c4 c6 3. g3 Nf6 4. Bg2 Bf5 5. cxd5 cxd5 6. Qb3 Qc8 7. Nc3 e6 8. d3
Be7 9. O-O O-O 10. Bf4 Nh5 11. Bd2 Nc6 12. Rac1 Nf6 13. Rfe1 Bg6 14. e4 dxe4
15. dxe4 Rd8 16. Bf4 Nd7 17. Red1 Nc5 18. Qc4 a6 19. Rxd8+ Qxd8 20. Rd1 Qa5 21.
Bd6 Rd8 22. e5 Bd3 23. Qf4 Bg6 24. b4 Qa3 25. bxc5 Qxc3 26. Nd4 Bc2 27. Qd2
Nxd4 28. Qxd4 Qa5 29. Qd2 Qa4 30. Rc1 Be4 31. Qf4 Bc6 32. Qxa4 1-0

[Event "IV Festival Terre degli Elimi A"]
[Site "Erice ITA"]
[Date "2013.07.26"]
[Round "4"]
[White "Aceto, Andrea"]
[Black "Gruppuso, Arcangelo"]
[WhiteElo "1569"]
[BlackElo "1586"]
[Result "1-0"]
[PlyCount "65"]
[EventDate "2013.07.24"]

1. d4 Nf6 2. Bf4 d5 3. Nc3 c6 4. e3 Bf5 5. Nf3 e6 6. Bd3 Bxd3 7. Qxd3 Nbd7 8.
Ne2 h6 9. c4 Ne4 10. c5 Be7 11. O-O Ng5 12. Ne5 Nxe5 13. Bxe5 Bf6 14. Bf4 O-O
15. b4 a5 16. a3 Re8 17. Bd6 Ne4 18. Bg3 e5 19. dxe5 Bxe5 20. Bxe5 Rxe5 21. Nd4
axb4 22. axb4 Rxa1 23. Rxa1 Qf6 24. Ra8+ Kh7 25. f3 Rf5 26. Nxf5 Qb2 27. fxe4
dxe4 28. Qxe4 Qc1+ 29. Kf2 Qd2+ 30. Kg3 Qe1+ 31. Kh3 g6 32. Nh4 h5 33. Qd4 1-0

[Event "IV Festival Terre degli Elimi A"]
[Site "Erice ITA"]
[Date "2013.07.26"]
[Round "4"]
[White "Adrian, Claude"]
[Black "Movileanu, Daniela"]
[WhiteElo "2221"]
[BlackElo "2030"]
[Result "1-0"]
[PlyCount "87"]
[EventDate "2013.07.24"]

1. Nf3 Nf6 2. c4 g6 3. g3 Bg7 4. Bg2 c5 5. d4 cxd4 6. Nxd4 Nc6 7. Nc2 O-O 8.
O-O d6 9. Nc3 Bd7 10. b3 Rc8 11. Bd2 a6 12. Rb1 Qc7 13. e4 Ne5 14. h3 b5 15. f4
Nc6 16. Ne3 bxc4 17. Nxc4 Na5 18. Ne3 Bc6 19. Kh2 Nb7 20. Rc1 Qd7 21. Nc4 Qd8
22. Be3 Nd7 23. Bd4 Bb5 24. Bxg7 Kxg7 25. e5 Bxc4 26. bxc4 Ndc5 27. Rb1 Rb8 28.
Qe2 Na5 29. Rbd1 Rb4 30. f5 f6 31. exf6+ exf6 32. Rd4 Re8 33. Qg4 Rb2 34. fxg6
hxg6 35. Kh1 Rc2 36. Ne4 f5 37. Rxf5 Nxe4 38. Bxe4 Rc1+ 39. Kg2 Nxc4 40. Rf7+
Kxf7 41. Qxg6+ Kf8 42. Qh6+ Ke7 43. Qg7+ Ke6 44. Bd5+ 1-0

[Event "IV Festival Terre degli Elimi A"]
[Site "Erice ITA"]
[Date "2013.07.26"]
[Round "4"]
[White "Aghayev, Miragha"]
[Black "Arnaudov, G. Petar"]
[WhiteElo "2299"]
[BlackElo "2487"]
[Result "1/2-1/2"]
[PlyCount "46"]
[EventDate "2013.07.24"]

1. e4 e5 2. Nf3 Nc6 3. Bb5 a6 4. Ba4 Nf6 5. O-O Be7 6. Re1 b5 7. Bb3 d6 8. c3
O-O 9. h3 Nb8 10. d4 Nbd7 11. Nbd2 Bb7 12. a4 c5 13. axb5 axb5 14. Rxa8 Qxa8
15. d5 c4 16. Bc2 Nc5 17. Nf1 Re8 18. Ng3 Bc8 19. Nh2 h6 20. f4 exf4 21. Bxf4
Bf8 22. Nf3 Qa7 23. Kh1 Qb7 1/2-1/2

[Event "IV Festival Terre degli Elimi A"]
[Site "Erice ITA"]
[Date "2013.07.26"]
[Round "4"]
[White "Amato, Andrea"]
[Black "Lammens, Tim"]
[WhiteElo "2291"]
[BlackElo "2316"]
[Result "1-0"]
[PlyCount "125"]
[EventDate "2013.07.24"]

1. Nf3 d6 2. c4 e5 3. Nc3 f5 4. d3 Nf6 5. g3 Be7 6. Bg2 O-O 7. O-O Qe8 8. Bg5
Qh5 9. Bxf6 Bxf6 10. Nd5 Bd8 11. b4 c6 12. Nc3 f4 13. d4 fxg3 14. hxg3 exd4 15.
Ne4 Be7 16. Nxd4 Bg4 17. Qd2 Nd7 18. f3 Ne5 19. fxg4 Nxg4 20. Rxf8+ Rxf8 21.
Nf3 d5 22. cxd5 cxd5 23. Neg5 Bd8 24. Ne6 Bb6+ 25. Nc5 Rf5 26. Rf1 Bc7 27. Nh4
Rxf1+ 28. Kxf1 Qf7+ 29. Nf3 Bxg3 30. Qg5 h5 31. Nd3 d4 32. Qd8+ Kh7 33. Kg1
Qxa2 34. Ng5+ Kh6 35. Nf3 Kh7 36. Qg5 Qf7 37. Qxg4 hxg4 38. Ng5+ Kg6 39. Nxf7
Kxf7 40. Bxb7 Bd6 41. b5 Ke7 42. Nf2 Kd8 43. Nxg4 Kc7 44. Be4 Kb6 45. Bd3 Kc5
46. Kg2 Kd5 47. Kf3 Bc7 48. Nf2 Ke5 49. Kg4 Bd8 50. Ne4 Be7 51. Nd2 Bd8 52.
Nf3+ Ke6 53. Kh5 Bf6 54. Ne1 Bd8 55. Ng2 Bf6 56. Nf4+ Kd6 57. Kg6 Be5 58. Nh5
Kd5 59. Nxg7 Kc5 60. Ne6+ Kd5 61. Kf5 Bd6 62. Nf4+ Kc5 63. Ke4 1-0

[Event "IV Festival Terre degli Elimi A"]
[Site "Erice ITA"]
[Date "2013.07.26"]
[Round "4"]
[White "Bifulco, Michel"]
[Black "Haast, Anne"]
[WhiteElo "2026"]
[BlackElo "2277"]
[Result "0-1"]
[PlyCount "120"]
[EventDate "2013.07.24"]

1. d4 d5 2. Nc3 Nf6 3. Bg5 g6 4. Qd2 h6 5. Bh4 Bg7 6. f3 O-O 7. O-O-O c6 8. g4
b5 9. g5 hxg5 10. Bxg5 Nbd7 11. h4 Nh5 12. Bh3 Nb6 13. b3 Qd6 14. Nb1 c5 15.
Bg4 Bxg4 16. fxg4 Nf6 17. Bxf6 Qxf6 18. e3 cxd4 19. exd4 Rfc8 20. Ne2 Rc6 21.
g5 Qe6 22. Qd3 Rac8 23. Rd2 Qe4 24. Rh3 Qg4 25. Qf3 Qxf3 26. Rxf3 b4 27. a3 a5
28. a4 R8c7 29. Rf2 Re6 30. Kd1 Re4 31. Rf4 Re3 32. Rd3 Rxd3+ 33. cxd3 Nc8 34.
Nd2 Nd6 35. Nf3 e6 36. Kd2 Nf5 37. Rg4 Rc2+ 38. Kxc2 Ne3+ 39. Kd2 Nxg4 40. Ng3
Kf8 41. Nf1 e5 42. Ne3 Nxe3 43. Kxe3 exd4+ 44. Nxd4 Ke7 45. Nf3 Ke6 46. Kf4 Bb2
47. Ng1 Bc1+ 48. Kg4 Bd2 49. Ne2 Ke5 50. Kf3 Be1 51. d4+ Kf5 52. Nf4 Bxh4 53.
Nxd5 Bxg5 54. Nb6 Bd8 55. Nc4 Ke6 56. Ne3 f5 57. Nc4 Kd5 58. Ke3 g5 59. Kd3 f4
60. Nd2 g4 0-1

[Event "IV Festival Terre degli Elimi A"]
[Site "Erice ITA"]
[Date "2013.07.26"]
[Round "4"]
[White "Bous, Florian"]
[Black "Calamia, Giampaolo"]
[WhiteElo "2072"]
[BlackElo "1803"]
[Result "1-0"]
[PlyCount "65"]
[EventDate "2013.07.24"]

1. d4 d5 2. c4 e6 3. Nc3 c6 4. e3 f5 5. Bd3 Nf6 6. Qc2 Ne4 7. Nge2 Bd6 8. b3
O-O 9. Bb2 Nd7 10. g3 Qg5 11. Nf4 Qf6 12. O-O-O g5 13. Ng2 Qe7 14. f3 Nxc3 15.
Bxc3 Nf6 16. e4 fxe4 17. fxe4 dxe4 18. Bxe4 Nxe4 19. Qxe4 Bd7 20. Rhe1 Rae8 21.
Ne3 Ba3+ 22. Kb1 Qg7 23. c5 Re7 24. Rd3 b6 25. b4 a5 26. d5 Qg6 27. Qxg6+ hxg6
28. Nc2 Bxb4 29. Nxb4 axb4 30. Bxb4 b5 31. dxc6 Bxc6 32. Rd6 Bg2 33. c6 1-0

[Event "IV Festival Terre degli Elimi A"]
[Site "Erice ITA"]
[Date "2013.07.26"]
[Round "4"]
[White "Castelli, Giovanni J."]
[Black "Dagnino, Marcello"]
[WhiteElo "1832"]
[BlackElo "1516"]
[Result "1/2-1/2"]
[PlyCount "104"]
[EventDate "2013.07.24"]

1. e4 d6 2. d4 Nf6 3. Nc3 Nbd7 4. Nge2 e5 5. f3 Be7 6. Be3 O-O 7. Qd2 Nb6 8.
Qd3 c6 9. g4 Nfd7 10. O-O-O c5 11. d5 c4 12. Qd2 a6 13. h4 Qc7 14. Ng3 Nc5 15.
Nf5 Bxf5 16. gxf5 Nca4 17. Ne2 a5 18. f4 Bf6 19. fxe5 Bxe5 20. Bd4 Nd7 21. Bg2
b5 22. Kb1 b4 23. Bxe5 Nxe5 24. Qd4 c3 25. bxc3 Nxc3+ 26. Nxc3 bxc3 27. Ka1
Rab8 28. Rb1 Qc4 29. Qxc4 Nxc4 30. Rxb8 Rxb8 31. Rb1 Rxb1+ 32. Kxb1 f6 33. Kc1
Kf7 34. Bf1 Nd2 35. Bd3 g6 36. fxg6+ hxg6 37. a4 Kg7 38. Kd1 Nf3 39. Bf1 Kh6
40. Ke2 Ne5 41. Kf2 g5 42. hxg5+ fxg5 43. Kg3 Nd7 44. Kf3 Kh5 45. Bb5 Ne5+ 46.
Kg3 Kh6 47. Kg2 Kg6 48. Kg3 Kf6 49. Kf2 Nf7 50. Bd7 Ne5 51. Bb5 Ng4+ 52. Kf3
Ne5+ 1/2-1/2

[Event "IV Festival Terre degli Elimi A"]
[Site "Erice ITA"]
[Date "2013.07.26"]
[Round "4"]
[White "Cazacu, Gabriela"]
[Black "Guccione, Cristoforo"]
[WhiteElo "1845"]
[BlackElo "1781"]
[Result "1-0"]
[PlyCount "81"]
[EventDate "2013.07.24"]

1. d4 d5 2. c4 e5 3. dxe5 d4 4. Nf3 Nc6 5. a3 Nge7 6. Nbd2 a5 7. Nb3 Nf5 8. e4
dxe3 9. Qxd8+ Nxd8 10. fxe3 Be7 11. e4 Nh4 12. Be3 Nc6 13. Nbd4 Bc5 14. O-O-O
Bg4 15. Rd3 Rd8 16. Nxh4 Bxd4 17. Bxd4 Nxd4 18. h3 Be6 19. Nf3 Nc6 20. Rxd8+
Kxd8 21. Be2 Ke7 22. Rd1 a4 23. Kc2 b5 24. Kc3 bxc4 25. Bxc4 Bxc4 26. Kxc4 Ra8
27. Kc3 h6 28. Rd5 Rb8 29. Kc2 Rb3 30. Rc5 Kd7 31. Rxc6 Rxf3 32. Rxc7+ Kxc7 33.
gxf3 Kb6 34. Kc3 Kc5 35. b3 axb3 36. Kxb3 Kd4 37. Kb4 Kxe5 38. a4 Kf4 39. a5
Kxf3 40. a6 Kxe4 41. a7 1-0

[Event "IV Festival Terre degli Elimi A"]
[Site "Erice ITA"]
[Date "2013.07.26"]
[Round "4"]
[White "Clijsen, Mark"]
[Black "Lo Pinto, Giovanni"]
[WhiteElo "2159"]
[BlackElo "1948"]
[Result "1-0"]
[PlyCount "27"]
[EventDate "2013.07.24"]

1. d4 Nf6 2. Nf3 d5 3. c4 c6 4. Nc3 e6 5. cxd5 exd5 6. Qc2 h6 7. Bf4 Bd6 8. Bg3
Bxg3 9. hxg3 Qb6 10. O-O-O Na6 11. a3 Qc7 12. e4 b6 13. exd5 cxd5 14. Bxa6 1-0

[Event "IV Festival Terre degli Elimi A"]
[Site "Erice ITA"]
[Date "2013.07.26"]
[Round "4"]
[White "Corsino, Gianluca"]
[Black "Van Dongen, Cor"]
[WhiteElo "2094"]
[BlackElo "2357"]
[Result "1/2-1/2"]
[PlyCount "28"]
[EventDate "2013.07.24"]

1. d4 e6 2. e4 d5 3. exd5 exd5 4. Bd3 Nc6 5. c3 Bd6 6. Ne2 Nge7 7. O-O O-O 8.
Bf4 Ng6 9. Bxd6 Qxd6 10. Nd2 Bg4 11. Qc2 Rfe8 12. Rfe1 Nce7 13. h3 Bxe2 14.
Bxe2 c6 1/2-1/2

[Event "IV Festival Terre degli Elimi A"]
[Site "Erice ITA"]
[Date "2013.07.26"]
[Round "4"]
[White "D'Eredita', Elena"]
[Black "Bocci, Alessandro"]
[WhiteElo "1673"]
[BlackElo "1888"]
[Result "0-1"]
[PlyCount "68"]
[EventDate "2013.07.24"]

1. e4 e5 2. Nf3 Nc6 3. Nc3 Nf6 4. d4 exd4 5. Nxd4 Bb4 6. Nxc6 bxc6 7. Qd4 c5 8.
Qe5+ Qe7 9. Qxe7+ Kxe7 10. Bd2 Re8 11. f3 Bb7 12. O-O-O Kf8 13. Bc4 c6 14. Na4
d5 15. Bxb4 cxb4 16. Nc5 dxc4 17. Nxb7 Re5 18. Rd2 Rb8 19. Nd8 c3 20. bxc3 bxc3
21. Rd4 Reb5 22. Kd1 Rb1+ 23. Ke2 Rxh1 24. Nxc6 Re8 25. Nxa7 g6 26. Nb5 Rxh2
27. Nxc3 Rxg2+ 28. Kd3 h5 29. Ne2 Rc8 30. a4 Ke7 31. a5 Ra8 32. Nf4 Rg3 33. e5
Ne8 34. Ke4 Rg1 0-1

[Event "IV Festival Terre degli Elimi A"]
[Site "Erice ITA"]
[Date "2013.07.26"]
[Round "4"]
[White "Di Marco, Salvatore Marco"]
[Black "Merendino, Elda"]
[WhiteElo "1615"]
[BlackElo "1538"]
[Result "0-1"]
[PlyCount "132"]
[EventDate "2013.07.24"]

1. e4 d6 2. Nc3 Nf6 3. d4 g6 4. Bc4 Bg7 5. d5 O-O 6. Nf3 Nbd7 7. Be3 a6 8. a4
Nb6 9. Ba2 Bd7 10. a5 Na4 11. Nxa4 Bxa4 12. Qd3 Bb5 13. c4 Bd7 14. O-O c6 15.
Bb6 Qc8 16. Rfe1 c5 17. Rad1 Nh5 18. e5 Nf4 19. Qe3 Bh6 20. Qc3 Bf5 21. Bb1 Bg4
22. Be4 Bg7 23. Rb1 Bf5 24. Bxf5 Qxf5 25. Kf1 Rae8 26. b4 Nd3 27. Red1 Nxb4 28.
Rxb4 cxb4 29. Qxb4 Rc8 30. exd6 exd6 31. Qb3 Qf4 32. g3 Qxc4+ 33. Qxc4 Rxc4 34.
Re1 Ra4 35. Re7 Bc3 36. Rxb7 Bxa5 37. Be3 Bb4 38. Bh6 Re8 39. Ng5 Bd2 40. Nxf7
Bxh6 41. Nxh6+ Kh8 42. Nf7+ Kg8 43. Nxd6 Rf8 44. Re7 Rd4 45. Re8 Rxd5 46. Rxf8+
Kxf8 47. Nc4 a5 48. Ke2 Rb5 49. Kd3 a4 50. h4 Kg7 51. Kc2 Kf6 52. f4 Rb3 53. g4
Rh3 54. Nb6 Rxh4 55. Nxa4 Rxg4 56. Kd3 Rxf4 57. Nc5 g5 58. Ke3 Rb4 59. Kf3 h5
60. Kg3 Kf5 61. Kg2 h4 62. Kh2 g4 63. Kg2 Rb2+ 64. Kh1 g3 65. Kg1 h3 66. Kf1 h2
0-1

[Event "IV Festival Terre degli Elimi A"]
[Site "Erice ITA"]
[Date "2013.07.26"]
[Round "4"]
[White "Di Misa, Salvatore"]
[Black "Duijker, Rick"]
[WhiteElo "1962"]
[BlackElo "2258"]
[Result "1-0"]
[PlyCount "71"]
[EventDate "2013.07.24"]

1. Nf3 Nf6 2. g3 b5 3. a4 b4 4. Bg2 Bb7 5. d4 e6 6. O-O c5 7. c3 a5 8. Bg5 Be7
9. Re1 O-O 10. Nbd2 cxd4 11. cxd4 d5 12. Rc1 Nbd7 13. Ne5 Rc8 14. Rxc8 Qxc8 15.
Nb3 Bd8 16. Qc1 Nxe5 17. dxe5 Nd7 18. Bxd8 Qxd8 19. f4 Qb6+ 20. e3 Rc8 21. Qd1
Nc5 22. Nxc5 Qxc5 23. Bf1 Bc6 24. Re2 Be8 25. Kf2 f6 26. exf6 Bh5 27. Bh3 Bxe2
28. Bxe6+ Kf8 29. fxg7+ Kxg7 30. Qxe2 Rc6 31. Qg4+ Kf6 32. Qf5+ Kg7 33. Qg5+
Kf8 34. Qf6+ Ke8 35. Qf7+ Kd8 36. Qd7# 1-0

[Event "IV Festival Terre degli Elimi A"]
[Site "Erice ITA"]
[Date "2013.07.26"]
[Round "4"]
[White "Fontana, Giulio"]
[Black "Messina, Damiano"]
[WhiteElo "1774"]
[BlackElo "1908"]
[Result "1/2-1/2"]
[PlyCount "94"]
[EventDate "2013.07.24"]

1. d4 Nf6 2. f3 d5 3. e4 dxe4 4. Nc3 exf3 5. Nxf3 Bg4 6. h3 Bh5 7. g4 Bg6 8.
Ne5 e6 9. Qf3 c6 10. g5 Qxd4 11. Nxg6 hxg6 12. gxf6 Qh4+ 13. Qf2 Qxf2+ 14. Kxf2
gxf6 15. Be3 Nd7 16. a3 O-O-O 17. Be2 f5 18. Rad1 b6 19. a4 e5 20. Kg2 f4 21.
Bf2 f5 22. Bc4 Bc5 23. Be6 Bxf2 24. Kxf2 Kc7 25. Kf3 Nf8 26. Rxd8 Kxd8 27. Bc4
Ke7 28. b4 g5 29. b5 g4+ 30. Kg2 Rxh3 31. Rxh3 gxh3+ 32. Kxh3 Kd6 33. bxc6 Kxc6
34. Ba6 e4 35. Ne2 Ne6 36. Bc8 f3 37. Ng3 Ng5+ 38. Kh2 f4 39. Nh1 e3 40. Kg1
Ne4 41. Kf1 Ng3+ 42. Nxg3 fxg3 43. Bg4 e2+ 44. Ke1 g2 45. Bxf3+ Kc5 46. Bxg2
Kb4 47. Bc6 Kc3 1/2-1/2

[Event "IV Festival Terre degli Elimi A"]
[Site "Erice ITA"]
[Date "2013.07.26"]
[Round "4"]
[White "Galante, Benedetto"]
[Black "Iannello, Antonio"]
[WhiteElo "1518"]
[BlackElo "1852"]
[Result "0-1"]
[PlyCount "92"]
[EventDate "2013.07.24"]

1. e4 c5 2. Nc3 Nc6 3. f4 e6 4. Nf3 Nge7 5. d3 g6 6. g3 Bg7 7. Bg2 O-O 8. O-O
d5 9. Qe1 a6 10. Bd2 b5 11. Rb1 Bb7 12. Nd1 Rc8 13. g4 Nd4 14. Nxd4 cxd4 15. c3
dxe4 16. dxe4 Nc6 17. cxd4 Nxd4 18. Ne3 Nc2 19. Qe2 Bd4 20. Kh1 Qb6 21. Nxc2
Rxc2 22. Qd3 Rxb2 23. Rxb2 Bxb2 24. Qe2 Rd8 25. Qe1 Qd4 26. Be3 Qd3 27. e5
Bxg2+ 28. Kxg2 Qe4+ 29. Kg1 Rd3 30. Bb6 Qd5 31. Qe2 Rd2 32. Qf3 Bd4+ 33. Bxd4
Qxd4+ 34. Kh1 Rxa2 35. h4 Ra1 36. Rxa1 Qxa1+ 37. Kh2 Qa2+ 38. Kh3 Qd5 39. Qf1
a5 40. h5 Kg7 41. Qe1 Qd3+ 42. Kh4 b4 43. h6+ Kxh6 44. g5+ Kg7 45. Qf2 b3 46.
Qa7 Qd8 0-1